| 000 | 01013cam a22002531i 4500 | ||
|---|---|---|---|
| 003 | SA-RiAUC | ||
| 005 | 20250420150527.0 | ||
| 008 | 241123s1998 jo f 000 0 ara c | ||
| 040 |
_aJO-AmWISE _bara _cSA-RiAUC _erda |
||
| 082 | 0 | 4 |
_a253.1 _qSA-RiAUC |
| 090 |
_a253.1 _bس و ا |
||
| 100 | 1 |
_aسوار، وحيد الدين _eمؤلف. |
|
| 245 | 1 | 2 |
_aالتعبير عن الإرادة في الفقه الإسلامي : _bدراسة مقارنة بالفقه الغربي / _cوحيد الدين سوار. |
| 264 | 1 |
_aعمان، الأردن : _bدار الثقافة للنشر والتوزيع، _c1998 |
|
| 300 | _a780 صفحة | ||
| 336 |
_aنص _btxt _2rdacontent _3كتاب |
||
| 337 |
_aبدون وسيط _bn _2rdamedia |
||
| 338 |
_aمجلد _bnc _2rdacarrier |
||
| 650 | 7 |
_aالإرادة (فقه إسلامي) _2aucsh |
|
| 650 | 7 |
_aالالتزامات (فقه إسلامي) _2aucsh |
|
| 650 | 7 |
_aالالتزامات _2aucsh |
|
| 942 |
_2ddc _cBOOK _n0 |
||
| 949 |
_aSA-JeALM _d241123 _umohamedma123 _n1 |
||
| 999 |
_c7234 _d7234 |
||